Exploring corporate strategy : text & cases

Αποθηκεύτηκε σε:
Λεπτομέρειες βιβλιογραφικής εγγραφής
Κύριος συγγραφέας: Johnson, Gerry
Άλλοι συγγραφείς: Scholes, Kevan
Μορφή: Βιβλίο
Γλώσσα:English
Δημοσίευση: Harlow, England ; New York : Financial Times Prentice Hall, 2002
Έκδοση:6η έκδ.
Θέματα:
Διαθέσιμο Online:http://www.loc.gov/catdir/toc/fy034/2001041184.html
Ετικέτες: Προσθήκη ετικέτας
Δεν υπάρχουν, Καταχωρήστε ετικέτα πρώτοι!

MARC

LEADER 00000nam a2200000 i 4500
001 1/65304
008 041110s2002 eng d
020 |a 0-273-65112-9 
035 |l 10075184 
040 |a GR-MY-UA  |b gre  |e aacr 
041 0 |a eng 
082 0 |a 658.4012 
100 1 |a Johnson, Gerry. 
245 1 0 |a Exploring corporate strategy :  |b text & cases /  |c Gerry Johnson, Kevan Scholes 
250 |a 6η έκδ. 
260 |a Harlow, England ; New York :   |b Financial Times Prentice Hall,   |c 2002 
300 |a xxxvii, 1082 σ.;  |b εικ.;  |c 25 εκ. 
504 |a Περιέχει βιβλιογραφικές αναφορές και ευρετήριο 
650 0 0 |a Business planning. 
650 0 0 |a Strategic planning. 
650 0 0 |a Business planning  |x Case studies. 
650 0 0 |a Strategic planning  |v Case studies. 
700 1 |a Scholes, Kevan. 
852 |a INST  |b SAMOS  |e 20041110  |h 658.4012 JOH  |p 005300022821  |q 005300022821  |t BK  |y 0 
852 |a INST  |b SAMOS  |e 20041110  |h 658.4012 JOH  |p 005300022822  |q 005300022822  |t BK  |y 0 
852 |a INST  |b SAMOS  |e 20041110  |h 658.4012 JOH  |p 005300022823  |q 005300022823  |t BK  |y 0 
852 |a INST  |b SAMOS  |e 20041110  |h 658.4012 JOH  |p 005300022828  |q 005300022828  |t BK  |y 23 
856 |c πίνακας περιεχομένων  |u http://www.loc.gov/catdir/toc/fy034/2001041184.html 
901 |a BIBL3-2004-3 
909 |a Σ  |b 113997 
909 |a Σ  |b 114002 
909 |a Σ  |b 114003 
909 |a Σ  |b 114004 
920 |a ΔΙΕΥΡΥΝΣΗ  |b ΕΠΕΑΕΚ-ΤΜΠΕΣ  |y ΣΑΜΟΣ  |z 2004-10 
970 |a ΜΑΛΑΓΑΡΗ  |b ΦΩΤΕΙΝΗ  |z 2004/11/10